|
|
|
|
| LEADER |
01900nam a2200433 i 4500 |
| 001 |
EBC5451928 |
| 003 |
MiAaPQ |
| 005 |
20200520144314.0 |
| 006 |
m o d | |
| 007 |
cr cnu|||||||| |
| 008 |
180804s2018 gw o 000 0 eng d |
| 020 |
|
|
|z 9783847421771
|
| 020 |
|
|
|a 9783847412052 (e-book)
|
| 035 |
|
|
|a (MiAaPQ)EBC5451928
|
| 035 |
|
|
|a (Au-PeEL)EBL5451928
|
| 035 |
|
|
|a (CaPaEBR)ebr11593333
|
| 035 |
|
|
|a (OCoLC)1045561751
|
| 040 |
|
|
|a MiAaPQ
|b eng
|e rda
|e pn
|c MiAaPQ
|d MiAaPQ
|
| 043 |
|
|
|a e-ru---
|a e------
|
| 050 |
|
4 |
|a UA646.3
|b .S733 2018
|
| 082 |
0 |
|
|a 355.031091821
|2 23
|
| 100 |
1 |
|
|a Staack, Michael,
|e author.
|
| 245 |
1 |
0 |
|a Russia, the European Union and NATO :
|b is a "new normal" possible? /
|c Michael Staack.
|
| 264 |
|
1 |
|a Opladen ;
|a Berlin ;
|a Toronto :
|b Barbara Budrich Publishers,
|c 2018.
|
| 300 |
|
|
|a 1 online resource (37 pages).
|
| 336 |
|
|
|a text
|b txt
|2 rdacontent
|
| 337 |
|
|
|a computer
|b c
|2 rdamedia
|
| 338 |
|
|
|a online resource
|b cr
|2 rdacarrier
|
| 490 |
1 |
|
|a WIFIS-aktuell ;
|v Volume 62
|
| 588 |
|
|
|a Description based on print version record.
|
| 590 |
|
|
|a Electronic reproduction. Ann Arbor, MI : ProQuest, 2018. Available via World Wide Web. Access may be limited to ProQuest affiliated libraries.
|
| 610 |
2 |
0 |
|a North Atlantic Treaty Organization.
|
| 651 |
|
0 |
|a Russia (Federation)
|x Foreign relations
|z European Union countries.
|
| 651 |
|
0 |
|a European Union countries
|x Foreign relations
|z Russia (Federation)
|
| 655 |
|
4 |
|a Electronic books.
|
| 776 |
0 |
8 |
|i Print version:
|a Staack, Michael.
|t Russia, the European Union and NATO : is a "new normal" possible?
|d Opladen ; Berlin ; Toronto : Barbara Budrich Publishers, c2018
|h 37 pages
|k WIFIS-aktuell ; Volume 62.
|z 9783847421771
|
| 797 |
2 |
|
|a ProQuest (Firm)
|
| 830 |
|
0 |
|a WIFIS-aktuell ;
|v Volume 62.
|
| 856 |
4 |
0 |
|u https://ebookcentral.proquest.com/lib/matrademy/detail.action?docID=5451928
|z Click to View
|